Statistics for Largest Islands in Each Section of the World

Click here to take the quiz!

General Stats

  • This quiz has been taken 22 times
  • The average score is 44 of 144

Answer Stats

Answer% Correct
Greenland
100%
Madagascar
93%
Borneo
80%
Cuba
80%
Great Britain
80%
Honshū
80%
New Guinea
80%
Baffin Island
73%
Sicily
73%
South Island
73%
Ellesmere Island
67%
Luzon
67%
Sri Lanka
67%
Sulawesi
67%
Tasmania
67%
Isla Grande de Tierra del Fuego
60%
Spitsbergen
60%
Banks Island
53%
Cyprus
53%
Hawai'i
53%
Hokkaidō
53%
Kodiak Island
47%
Marajó
47%
Severny Island
47%
Trinidad
47%
Vancouver Island
47%
Grande Terre
40%
Long Island
40%
Socotra
40%
October Revolution Island
33%
Tenerife
33%
Easter Island
27%
Flores Island
27%
Kiritimati
27%
Qeshm
27%
Ross Island
27%
Saint Helena
27%
Wrangel Island
27%
Ascension Island
20%
Chiloé Island
20%
Kerguelen Island
20%
Tahiti
20%
Tristan da Cunha
20%
Vanua Levu
20%
X
20%
Bioko
13%
Cape Breton
13%
Chatham Island
13%
Diego Garcia
13%
East Falkland
13%
Isabela Island
13%
Kotelny Island
13%
Marion Island
13%
Rodrigues
13%
Salsette
13%
Santa Cruz Island
13%
Santiago
13%
São Miguel Island
13%
Wake Island
13%
Alexander Island
7%
Berkner Island
7%
Furong Island
7%
Hinnøya
7%
Isla Chañaral
7%
James Ross Island
7%
Kilwa Island
7%
Mill Island
7%
Mornington Island
7%
New Siberia
7%
Paramushir
7%
Pohnpei
7%
Reindeer Island
7%
Santa Catarina Island
7%
Santa Rosa Island
7%
Savai'i
7%
Spaatz Island
7%
Thurston Island
7%
Basaral Island
0%
Bolshoy Begichev
0%
Carney Island
0%
Caviana
0%
Dirk Hartog Island
0%
Dzharylhach
0%
Isla Oyarvide
0%
Montagu Island
0%
Nuku Hiva
0%
Olkhon Island
0%
Prince Patrick Island
0%
Puná Island
0%
Robben Island
0%
Roosevelt Island
0%
Rottnest Island
0%
Sturge Island
0%
Tiburón Island
0%
Tigres Island
0%

Score Distribution

Percentile by Number Answered

Percent of People with Each Score

Your Score History

You have not taken this quiz